| 000 | 00733nam a2200229Ia 4500 | ||
|---|---|---|---|
| 003 | GCL | ||
| 008 | 140319s9999 xx 000 0 ara d | ||
| 040 |
_aGCL / _cGCL |
||
| 082 | 0 | 4 |
_a320.9 _bج س |
| 100 | 1 | _aجمال الشاعر | |
| 245 | 1 | 0 |
_aسياسى يتذكر: تجربة فى العمل السياسى / _cجمال الشاعر |
| 260 |
_a[S.N] : _bرياض الريس للكتب والنشر ، _c1987 |
||
| 300 | _a363 ص | ||
| 490 | _a | ||
| 650 | 0 | 4 | _aالاحوال السياسية |
| 650 | 0 | 4 | _aالوطن العربى |
| 650 | 0 | 4 | _aالعلاقات الخارجية |
| 650 | 0 | 4 | _aالاردن |
| 650 | 0 | 4 | _aالمعارضة ( سياسة ) |
| 650 | 0 | 4 | _aحرب يونيو 1967 - مصر |
| 942 |
_2ddc _cBK |
||
| 999 |
_c55875 _d55875 |
||